000 01534cam a2200373 i 4500
001 42489
003 Mx-PuUPA
005 20250227133427.0
008 140415s2020 mx gr 000 0 spa d
020 _a9786074176728
040 _cMx-PuUPA
_aMx-PuUPA
_bspa
_dMx-PuUPA
_erda
041 0 _aspa
100 1 _aRuis Muñoz, María Mercedes,
_916785
_eautor
245 1 _aEntrevista a Angelo Cabrera :
_btrayectoria de vida en contextos migratorios y la lucha por el derecho a la educación /
_cMaría Mercedes Ruiz Muñoz ; prólogo, Martha Corenstein Z.
250 _aPrimera edición
264 1 _aCiudad de México :
_bUniversidad Iberoamericana,
_c©2020
300 _a264 páginas ;
_c21 cm
336 _2rdacontent
_atexto
_btxt
337 _2rdamedia
_asin medio
_bn
338 _2rdacarrier
_avolumen
_bnc
600 1 4 _aCabrera, Angelo,
_vEntrevistas
650 7 _2armarc
_aMexicanos
_zEstados Unidos
_xCondiciones sociales
650 7 _2armarc
_aJóvenes inmigrantes
_zEstados Unidos
_xCondiciones sociales
650 7 _2armarc
_aActivistas de los derechos civiles
650 7 _2armarc
_aDerecho a la educación
_zEstados Unidos
650 7 _2armarc
_aEntrevistas a estudiantes
_xUniversidad de Nueva York
651 4 _aMéxico
_xEmigración e inmigración
_xAspectos sociales
700 1 _aCorenstein Z., Martha,
_eprologista
942 _2ddc
_cLI
_h305.235
_iR34
999 _c42489
_d42489